Top 10 Best Friends Episodes of All Time Quiz Stats

 Plays Quiz not verified by Sporcle

Challenge
Share
Tweet
Embed
Score 0/8 Timer 06:00
0 Plays Today
% Correct
The One With The Embryos
70.6%
The One With The Prom Video
51.9%
The One Where Ross Finds Out
23.8%
The One With The Videotape
10.6%
The One Without The Ski Trip
7.5%
The One With The Birth
6.3%
The One With Five Steaks And An Eggplant
5%
The One Where Heckles Dies
3.1%

You're not logged in!

Compare scores with friends on all Sporcle quizzes.
Join for Free
OR
Log In

You Might Also Like...

Show Comments

Extras

Top Quizzes Today


Score Distribution

Your Account Isn't Verified!

In order to create a playlist on Sporcle, you need to verify the email address you used during registration. Go to your Sporcle Settings to finish the process.

Report this User

Report this user for behavior that violates our Community Guidelines.

Details: